| 000 | 00766nam a22001817a 4500 | ||
|---|---|---|---|
| 005 | 20120202115954.0 | ||
| 020 |
_c300.00 _a8179650553 |
||
| 035 | _aB-90527 | ||
| 037 |
_b _adpl |
||
| 082 | _a070.4 | ||
| 100 |
_aहरिमोहन _940583 |
||
| 245 | 1 |
_aरेडियो और दूर-दर्शन पत्रकारिता / _cहरिमोहन |
|
| 260 |
_aदिल्ली _bतक्षशिला प्रकाशन _c2004 |
||
| 270 |
_a _b _e _k |
||
| 300 |
_a192पृ. _c22सेमी (सजिल्द) |
||
| 942 |
_adpl _cHN _k _2ddc _h070.4 _mहरिमो |
||
| 999 |
_c61797 _d61797 |
||